MARC

LEADER 00000nam a2200000Ia 4500
001 22519
008 160829s2009 xx 000 0 cat d
080 |a E-1-386 
245 |a Formació de formadors :  |b  manual de consulta 
260 |a Barcelona :  |b Diputació de Barcelona. Àrea de Presidència. Direcció de Serveis de Formació,  |c 2009 
300 |a 59 p. :  |b  quadres ;  |c 29 cm 
650 |a Personal  |x Formació  |x Manuals, guies, etc.  |9 22182 
710 |a Barcelona (Catalunya : Província).  |b Direcció de Serveis de Formació  |9 51343 
901 |a Arxiu 
942 |n 1 
952 |0 0  |1 0  |4 0  |6 E1386  |7 1  |9 52432  |a Arxiu  |b Arxiu  |d 2016-12-01  |l 0  |o E-1-386  |p 22519  |r 2016-12-01 00:00:00  |w 2016-12-01  |y ARXIU 
999 |c 56280  |d 56280